| 000 | 02225cam a22004694i 4500 | ||
|---|---|---|---|
| 003 | PE-LiUPU | ||
| 005 | 20250731172942.0 | ||
| 008 | 150623s1990 miua rb 000 0 eng d | ||
| 020 | _a0310453712 | ||
| 035 | _a(Sirsi) i9780310453710 | ||
| 040 |
_aPE-LiUPU _bspa _cPE-LiUPU _erda |
||
| 049 | _aPRUA | ||
| 082 | 0 | 4 |
_a220.12 _bE96 _221 |
| 100 | 1 |
_aEwert, David, _d1922-, _eautor. |
|
| 245 | 1 | 2 |
_aA general introduction to the Bible : _bfrom ancient tablets to modern translations / _cDavid Ewert. |
| 264 | 1 |
_aMichigan : _bZondervan Publishing House, _c1990. |
|
| 300 |
_a284 páginas : _bilustraciones, cuadros, láms. ; _c24 centímetros |
||
| 336 |
_atext _2rdacontent |
||
| 337 |
_aunmediated _2rdamedia |
||
| 338 |
_avolume _2rdacarrier |
||
| 504 | _aIncluye bibliografía. | ||
| 505 | 0 | _aThe book called "the Bible" -- The books of the Bible -- God's word writen -- The Old testament canon -- Extracanonical books -- The text of the Old Testament -- Ancient versions of the Old Testament -- The beginnings of the New Testament -- The New Testament Canon -- The New Testament in manuscript form -- The printed greek New Testament -- Early eastern versions of the Bible -- English Bibles prior to 1611 -- The autorized version and its revisions -- English Bibles in the first half of the twentieth century -- English versions in the fifties and sixties -- Versions of the english Bible in the seventies -- God's word in human language. | |
| 526 | _aSEG42 | ||
| 526 | _aSEG41 | ||
| 526 | _aSEG40 | ||
| 526 | _aSEG39 | ||
| 526 | _aP94 | ||
| 526 | _aP87 | ||
| 526 | _aP86 | ||
| 526 | _aP85 | ||
| 526 | _aP77 | ||
| 526 | _aP76 | ||
| 526 | _aP35 | ||
| 630 | 0 | 4 |
_aBiblia _xCanon, Católica vs. Protestante. |
| 630 | 0 | 4 |
_aBiblia _xVersiones. |
| 942 |
_2ddc _cBOOK |
||
| 949 |
_a220.12 E96 _wDEWEY _c1 _i44617 _lCCODEBUL1 _mBUL _r0 _sY _tBOOK _u2015-6-24 _xTEOLOGIA _PP35 _0COMPRA _o.STAFF. Colección Teología |
||
| 994 |
_aC0 _bPEPRU |
||
| 596 | _a1 | ||
| 999 |
_a220.12 E96 _wDEWEY _c21473 _i44617 _e2017-5-9 _f2021-11-9 _g5 _lCCODEBUL1 _mBUL _n1 _p30.00 _r0 _sY _tBOOK _u2015-6-24 _xTEOLOGIA _PP35 _0COMPRA _o.STAFF. Colección Teología _d21473 |
||
| 980 |
_81 _gALBERTO SANCHEZ Responsable de Automatización |
||